| 000 | 01599nam a2200253Ia 4500 | ||
|---|---|---|---|
| 999 |
_c51958 _d51958 |
||
| 001 | 18959 | ||
| 003 | GE_BSU | ||
| 005 | 20220920122604.0 | ||
| 008 | 181216s2011||||ge |||||||||||||| ||geo|| | ||
| 040 | _cGE_BSU | ||
| 041 | _ageo | ||
| 080 | _a7.09 ს-26 | ||
| 100 |
_aსანიკიძე, სოფიო _911711 |
||
| 245 |
_aვიზუალური რეკლამის თეორიული და პრაქტიკული ასპექტები : დისერტაცია / _cსოფიო სანიკიძე; სამეცნიერო ხელმძღვანელი ნოდარ სუმბაძე, მაია ჭიჭილეიშვილი; ბათუმის შოთა რუსთაველის სახ-ფო უნ-ტი. |
||
| 264 |
_aბათუმი, _c2011. |
||
| 300 |
_a162 გვ.; _b30 სმ. |
||
| 653 | _aდისერტაცია | ||
| 653 | _aვიზუალური რეკლამის თეორიული და პრაქტიკული ასპექტები. | ||
| 653 | _aხელოვნება | ||
| 700 |
_aსუმბაძე, ნოდარ _eსამეცნიერო ხელმძღვანელი _911712 |
||
| 700 |
_aჭიჭილეიშვილი, მაია _eსამეცნიერო ხელმძღვანელი _911536 |
||
| 710 |
_aბათუმის შოთა რუსთაველის სახელმწიფო უნივერსიტეტი. _911713 |
||
| 942 |
_cBK _2udc |
||